QCM Séries TV en 20 questions #3 - Statistiques

Statistiques générales
  • Ce quiz a été pris 56 fois
  • Le résultat moyen est 8 sur 20
Statistiques - réponses
Question Réponse % Correct
Quel personnage principal de série dit "Serait-ce du film plastique que je vois dans ton avenir ?" Dexter
85%
Quel est le nom français de la série américaine Who's the Boss? Madame est servie
70%
Quel rôle n a pas joué Bruce Willis ? Clifford Calvert dans Columbo
65%
Dans laquelle de ces séries TV Catherine Zeta-Jones joue t elle un personnage ? Mercredi
65%
Dans Friends, lors d'un jeu entre Monica+Rachel contre Joey+Chandler, sur quelle ultime question (posée par Ross en arbitre) Rachel et Monica perdent elles leur appart au profit de Joey et Chandler ? Quel est le métier de Chandler ?
55%
Quelle image montre le découpeur qui sévit dans la série Nip Tuck ?
50%
Dans Dr Quinn Femme Médecin, les habitants de la ville constitue une équipe locale pour affronter les All Stars. Quelle est le nom de l équipe ? Colorado Springers
50%
Dans laquelle de ces 4 séries TV, des personnages ne jouent à aucun moment à Donjons & Dragons (ou une version qui y ressemble) ? Dawson
50%
Comment s'appelle la série TV où les véritables héroïnes du club de football anglais d'Earls Park sont les épouses des footballeurs ? Femmes de Footballeurs
45%
Quelle actrice française joue Juliette dans l épisode 20 de la saison 6 de Sex and the City Carole Bouquet
40%
Dans quel épisode de Malcolm, Linwood Boomer, le producteur de la série Malcolm et également acteur de profession, interprète t il un personnage ? Le Dernier
40%
Dans la Petite Maison dans la Prairie, Albert et Laura forment une équipe de Football Américain pour affronter les Dragons du Dakota. Comment s'appelle cette équipe ? Les Guerriers de Winoka
35%
Quel série a pour nom original "the pretender" ? Le Caméléon
30%
Quel rôle n a pas joué Alec Baldwin ? Mr Miller dans Melrose Place
30%
- [Rangeant des livres] "Je comprends rien à votre système." - "Mon système c’est l’ordre alphabétique." Qui participe(nt) à ce dialogue ? Alex et Rupert Giles dans Buffy contre les Vampires
25%
Qui sont les 2 personnages de ce dialogue de Game Of Thrones : - "Je serai fière d’exhiber la marque de tes coups." - "Exhibe-la en silence ou je te flanque de quoi être encore plus fière." Cersei et Robert Baratheon
25%
Laquelle de ces séries n est pas allemande ? Octobre
25%
Saison 1, Episode 14, dialogue dans un hélicoptère : Mark : "Quelle chienne de vie !" Infirmier volant : Quoi ? Mark : Je dis quelle chienne de vie. L'infirmier volant fait signe qu'il n'entend pas. Mark : "Je dis ta femme est une chienne et j'ai envie d'elle." Urgences
20%
Combien d épisodes compte la série Breaking Bad ? 62
10%
Qui dit dans Breaking Bad : "La chimiothérapie et la marijuana vont ensemble comme la tarte aux pommes et la Chevrolet." Marie Schrader
10%
Aucun quiz correspondant
Distribution des résultats
% des personnes avec chaque résultat
Percentile par nombre de réponses
Votre historique - résultats
Vous n’avez pas pris ce quiz